<?xml version="1.0" encoding="UTF-8"?>
<record
    xmlns:xsi="http://www.w3.org/2001/XMLSchema-instance"
    xsi:schemaLocation="http://www.loc.gov/MARC21/slim http://www.loc.gov/standards/marcxml/schema/MARC21slim.xsd"
    xmlns="http://www.loc.gov/MARC21/slim">

  <leader>02982nam0a2200433   4500</leader>
  <controlfield tag="001">RU\NLR\bibl\1153295</controlfield>
  <controlfield tag="005">20260407171218.0</controlfield>
  <datafield tag="010" ind1=" " ind2=" ">
    <subfield code="a">5-88736-006-2</subfield>
    <subfield code="9">150</subfield>
  </datafield>
  <datafield tag="035" ind1=" " ind2=" ">
    <subfield code="a">(nilc)RSL-KNO-003021155</subfield>
  </datafield>
  <datafield tag="035" ind1=" " ind2=" ">
    <subfield code="a">(NLR Aleph) 001140081</subfield>
  </datafield>
  <datafield tag="090" ind1=" " ind2=" ">
    <subfield code="a">1412122</subfield>
    <subfield code="c">1412122</subfield>
  </datafield>
  <datafield tag="100" ind1=" " ind2=" ">
    <subfield code="a">20070117d2006    |||y0rusy50      ca</subfield>
  </datafield>
  <datafield tag="101" ind1="0" ind2=" ">
    <subfield code="a">rus</subfield>
  </datafield>
  <datafield tag="102" ind1=" " ind2=" ">
    <subfield code="a">RU</subfield>
  </datafield>
  <datafield tag="105" ind1=" " ind2=" ">
    <subfield code="a">y   |||||||||</subfield>
  </datafield>
  <datafield tag="106" ind1=" " ind2=" ">
    <subfield code="a">r</subfield>
  </datafield>
  <datafield tag="200" ind1="1" ind2=" ">
    <subfield code="a">&#x41E; &#x41A;&#x430;&#x43C;&#x447;&#x430;&#x442;&#x441;&#x43A;&#x43E;&#x439; &#x437;&#x435;&#x43C;&#x43B;&#x435; &#x43D;&#x430;&#x43F;&#x438;&#x441;&#x430;&#x43D;&#x43E;...</subfield>
    <subfield code="e">&#x43C;&#x430;&#x442;&#x435;&#x440;&#x438;&#x430;&#x43B;&#x44B; XXIII &#x41A;&#x440;&#x430;&#x448;&#x435;&#x43D;&#x438;&#x43D;&#x43D;&#x438;&#x43A;&#x43E;&#x432;&#x441;&#x43A;&#x438;&#x445; &#x447;&#x442;&#x435;&#x43D;&#x438;&#x439;, [20-21, 26 &#x430;&#x43F;&#x440;&#x435;&#x43B;&#x44F;, &#x433;. &#x415;&#x43B;&#x438;&#x437;&#x43E;&#x432;&#x43E;</subfield>
    <subfield code="f">&#x43D;&#x430;&#x443;&#x447;. &#x440;&#x435;&#x434;. - &#x418;.&#x412;. &#x412;&#x438;&#x442;&#x435;&#x440;]</subfield>
  </datafield>
  <datafield tag="210" ind1=" " ind2=" ">
    <subfield code="a">&#x41F;&#x435;&#x442;&#x440;&#x43E;&#x43F;&#x430;&#x432;&#x43B;&#x43E;&#x432;&#x441;&#x43A;-&#x41A;&#x430;&#x43C;&#x447;&#x430;&#x442;&#x441;&#x43A;&#x438;&#x439;</subfield>
    <subfield code="c">&#x41A;&#x430;&#x43C;&#x447;&#x430;&#x442;&#x441;&#x43A;&#x430;&#x44F; &#x43E;&#x431;&#x43B;&#x430;&#x441;&#x442;&#x43D;&#x430;&#x44F; &#x43D;&#x430;&#x443;&#x447;&#x43D;&#x430;&#x44F; &#x431;&#x438;&#x431;&#x43B;&#x438;&#x43E;&#x442;&#x435;&#x43A;&#x430;</subfield>
    <subfield code="d">2006</subfield>
  </datafield>
  <datafield tag="215" ind1=" " ind2=" ">
    <subfield code="a">284 &#x441;.</subfield>
    <subfield code="d">29</subfield>
  </datafield>
  <datafield tag="300" ind1=" " ind2=" ">
    <subfield code="a">&#x412; &#x43D;&#x430;&#x434;&#x437;&#x430;&#x433;.: &#x423;&#x43F;&#x440;. &#x43A;&#x443;&#x43B;&#x44C;&#x442;&#x443;&#x440;&#x44B; &#x410;&#x434;&#x43C;&#x438;&#x43D;&#x438;&#x441;&#x442;&#x440;&#x430;&#x446;&#x438;&#x438; &#x41A;&#x430;&#x43C;&#x447;&#x430;&#x442;. &#x43E;&#x431;&#x43B;., &#x41A;&#x430;&#x43C;&#x447;&#x430;&#x442;. &#x43E;&#x431;&#x43B;. &#x43D;&#x430;&#x443;&#x447;. &#x431;-&#x43A;&#x430; &#x438;&#x43C;. &#x421;.&#x41F;. &#x41A;&#x440;&#x430;&#x448;&#x435;&#x43D;&#x438;&#x43D;&#x43D;&#x438;&#x43A;&#x43E;&#x432;&#x430;, &#x410;&#x434;&#x43C;&#x438;&#x43D;&#x438;&#x441;&#x442;&#x440;&#x430;&#x446;&#x438;&#x44F; &#x415;&#x43B;&#x438;&#x437;. &#x440;&#x430;&#x439;&#x43E;&#x43D;. &#x43C;&#x443;&#x43D;&#x438;&#x446;&#x438;&#x43F;. &#x43E;&#x431;&#x440;&#x430;&#x437;&#x43E;&#x432;&#x430;&#x43D;&#x438;&#x44F;, &#x426;&#x435;&#x43D;&#x442;&#x440;. &#x431;-&#x43A;&#x430; &#x415;&#x43B;&#x438;&#x437;. &#x446;&#x435;&#x43D;&#x442;&#x440;&#x430;&#x43B;&#x438;&#x437;. &#x431;&#x438;&#x431;&#x43B;. &#x441;&#x438;&#x441;&#x442;&#x435;&#x43C;&#x44B;</subfield>
  </datafield>
  <datafield tag="300" ind1=" " ind2=" ">
    <subfield code="a">&#x41F;&#x43E;&#x441;&#x432;&#x44F;&#x449;&#x430;&#x435;&#x442;&#x441;&#x44F; 295-&#x43B;&#x435;&#x442;&#x438;&#x44E; &#x441;&#x43E; &#x434;&#x43D;&#x44F; &#x440;&#x43E;&#x436;&#x434;&#x435;&#x43D;&#x438;&#x44F; &#x421;.&#x41F;. &#x41A;&#x440;&#x430;&#x448;&#x435;&#x43D;&#x438;&#x43D;&#x43D;&#x438;&#x43A;&#x43E;&#x432;&#x430;</subfield>
  </datafield>
  <datafield tag="320" ind1=" " ind2=" ">
    <subfield code="a">&#x411;&#x438;&#x431;&#x43B;&#x438;&#x43E;&#x433;&#x440;. &#x432; &#x43A;&#x43E;&#x43D;&#x446;&#x435; &#x434;&#x43E;&#x43A;&#x43B;.</subfield>
  </datafield>
  <datafield tag="607" ind1=" " ind2=" ">
    <subfield code="a">&#x41A;&#x430;&#x43C;&#x447;&#x430;&#x442;&#x441;&#x43A;&#x430;&#x44F; &#x43E;&#x431;&#x43B;&#x430;&#x441;&#x442;&#x44C;</subfield>
    <subfield code="j">&#x421;&#x44A;&#x435;&#x437;&#x434;&#x44B;, &#x441;&#x43E;&#x432;&#x435;&#x449;&#x430;&#x43D;&#x438;&#x44F; &#x438; &#x442;.&#x43F;.</subfield>
    <subfield code="x">&#x418;&#x441;&#x442;&#x43E;&#x440;&#x438;&#x44F;</subfield>
    <subfield code="9">1030138</subfield>
    <subfield code="3">RU\NLR\auth\6677321</subfield>
  </datafield>
  <datafield tag="607" ind1=" " ind2=" ">
    <subfield code="a">&#x41A;&#x430;&#x43C;&#x447;&#x430;&#x442;&#x43A;&#x430;, &#x43F;&#x43E;&#x43B;&#x443;&#x43E;&#x441;&#x442;&#x440;&#x43E;&#x432; (&#x421;&#x435;&#x432;&#x435;&#x440;&#x43E;-&#x412;&#x43E;&#x441;&#x442;&#x43E;&#x43A; &#x410;&#x437;&#x438;&#x430;&#x442;&#x441;&#x43A;&#x43E;&#x439; &#x447;&#x430;&#x441;&#x442;&#x438; &#x420;&#x424;)</subfield>
    <subfield code="j">&#x421;&#x44A;&#x435;&#x437;&#x434;&#x44B;, &#x441;&#x43E;&#x432;&#x435;&#x449;&#x430;&#x43D;&#x438;&#x44F; &#x438; &#x442;.&#x43F;.</subfield>
    <subfield code="x">&#x41E;&#x442;&#x43A;&#x440;&#x44B;&#x442;&#x438;&#x435; &#x438; &#x438;&#x441;&#x441;&#x43B;&#x435;&#x434;&#x43E;&#x432;&#x430;&#x43D;&#x438;&#x44F;</subfield>
    <subfield code="x">&#x418;&#x441;&#x442;&#x43E;&#x440;&#x438;&#x44F;</subfield>
    <subfield code="9">2243238</subfield>
    <subfield code="3">RU\NLR\auth\661345932</subfield>
  </datafield>
  <datafield tag="610" ind1="0" ind2=" ">
    <subfield code="a">&#x41D;&#x430;&#x443;&#x43A;&#x438; &#x43E; &#x417;&#x435;&#x43C;&#x43B;&#x435; -- &#x420;&#x435;&#x433;&#x438;&#x43E;&#x43D;&#x430;&#x43B;&#x44C;&#x43D;&#x44B;&#x439; &#x440;&#x430;&#x437;&#x434;&#x435;&#x43B; &#x43D;&#x430;&#x443;&#x43A; &#x43E; &#x417;&#x435;&#x43C;&#x43B;&#x435; -- &#x420;&#x43E;&#x441;&#x441;&#x438;&#x439;&#x441;&#x43A;&#x430;&#x44F; &#x424;&#x435;&#x434;&#x435;&#x440;&#x430;&#x446;&#x438;&#x44F; -- &#x41A;&#x430;&#x43C;&#x447;&#x430;&#x442;&#x441;&#x43A;&#x430;&#x44F; &#x43E;&#x431;&#x43B;&#x430;&#x441;&#x442;&#x44C; -- &#x421;&#x442;&#x440;&#x430;&#x43D;&#x43E;&#x432;&#x435;&#x434;&#x447;&#x435;&#x441;&#x43A;&#x430;&#x44F; &#x445;&#x430;&#x440;&#x430;&#x43A;&#x442;&#x435;&#x440;&#x438;&#x441;&#x442;&#x438;&#x43A;&#x430; -- &#x41C;&#x430;&#x442;&#x435;&#x440;&#x438;&#x430;&#x43B;&#x44B; &#x43A;&#x43E;&#x43D;&#x444;&#x435;&#x440;&#x435;&#x43D;&#x446;&#x438;&#x438;</subfield>
  </datafield>
  <datafield tag="610" ind1="0" ind2=" ">
    <subfield code="a">&#x418;&#x441;&#x442;&#x43E;&#x440;&#x438;&#x44F;. &#x418;&#x441;&#x442;&#x43E;&#x440;&#x438;&#x447;&#x435;&#x441;&#x43A;&#x438;&#x435; &#x43D;&#x430;&#x443;&#x43A;&#x438; -- &#x420;&#x43E;&#x441;&#x441;&#x438;&#x439;&#x441;&#x43A;&#x430;&#x44F; &#x424;&#x435;&#x434;&#x435;&#x440;&#x430;&#x446;&#x438;&#x44F; -- &#x41A;&#x430;&#x43C;&#x447;&#x430;&#x442;&#x441;&#x43A;&#x430;&#x44F; &#x43E;&#x431;&#x43B;&#x430;&#x441;&#x442;&#x44C; -- &#x41C;&#x430;&#x442;&#x435;&#x440;&#x438;&#x430;&#x43B;&#x44B; &#x43A;&#x43E;&#x43D;&#x444;&#x435;&#x440;&#x435;&#x43D;&#x446;&#x438;&#x438; -- &#x420;&#x43E;&#x441;&#x441;&#x438;&#x439;&#x441;&#x43A;&#x430;&#x44F; &#x424;&#x435;&#x434;&#x435;&#x440;&#x430;&#x446;&#x438;&#x44F;</subfield>
  </datafield>
  <datafield tag="686" ind1=" " ind2=" ">
    <subfield code="a">&#x414;9(2&#x420;55-4&#x41A;&#x430;&#x43C;&#x447;)0&#x44F;431(2)</subfield>
    <subfield code="2">rubbk</subfield>
  </datafield>
  <datafield tag="686" ind1=" " ind2=" ">
    <subfield code="a">&#x422;3(2&#x420;-4&#x41A;&#x430;&#x43C;&#x447;)&#x44F;431(2&#x420;)</subfield>
    <subfield code="2">rubbk</subfield>
  </datafield>
  <datafield tag="686" ind1=" " ind2=" ">
    <subfield code="a">&#x422;3(2&#x420;-4&#x41A;&#x430;&#x43C;&#x447;)&#x44F;431</subfield>
  </datafield>
  <datafield tag="686" ind1=" " ind2=" ">
    <subfield code="a">&#x414;890(2&#x420;55-4&#x41A;&#x430;&#x43C;&#x447;)02&#x44F;431</subfield>
  </datafield>
  <datafield tag="702" ind1=" " ind2="1">
    <subfield code="4">340</subfield>
    <subfield code="8">rus</subfield>
    <subfield code="7">ca</subfield>
    <subfield code="a">&#x412;&#x438;&#x442;&#x435;&#x440;</subfield>
    <subfield code="b">&#x418;. &#x412;.</subfield>
    <subfield code="g">&#x418;&#x440;&#x438;&#x43D;&#x430; &#x412;&#x430;&#x441;&#x438;&#x43B;&#x44C;&#x435;&#x432;&#x43D;&#x430;</subfield>
    <subfield code="3">RU\NLR\auth\7722427</subfield>
    <subfield code="9">5485</subfield>
  </datafield>
  <datafield tag="702" ind1=" " ind2="1">
    <subfield code="a">&#x41A;&#x440;&#x430;&#x448;&#x435;&#x43D;&#x435;&#x43D;&#x43D;&#x438;&#x43A;&#x43E;&#x432;</subfield>
    <subfield code="b">&#x421;. &#x41F;.</subfield>
    <subfield code="f">1711-</subfield>
    <subfield code="g">&#x421;&#x442;&#x435;&#x43F;&#x430;&#x43D; &#x41F;&#x435;&#x442;&#x440;&#x43E;&#x432;&#x438;&#x447;</subfield>
    <subfield code="4">570</subfield>
  </datafield>
  <datafield tag="711" ind1="1" ind2="2">
    <subfield code="a">&#x41A;&#x440;&#x430;&#x448;&#x435;&#x43D;&#x438;&#x43D;&#x43D;&#x438;&#x43A;&#x43E;&#x432;&#x441;&#x43A;&#x438;&#x435; &#x447;&#x442;&#x435;&#x43D;&#x438;&#x44F;</subfield>
    <subfield code="d">23</subfield>
    <subfield code="f">2006</subfield>
    <subfield code="e">&#x41F;&#x435;&#x442;&#x440;&#x43E;&#x43F;&#x430;&#x432;&#x43B;&#x43E;&#x432;&#x441;&#x43A;-&#x41A;&#x430;&#x43C;&#x447;&#x430;&#x442;&#x441;&#x43A;&#x438;&#x439;</subfield>
    <subfield code="3">RU\NLR\AUTH\8810107424</subfield>
    <subfield code="9">715034</subfield>
  </datafield>
  <datafield tag="801" ind1=" " ind2="0">
    <subfield code="a">RU</subfield>
    <subfield code="b">&#x420;&#x41A;&#x41F;</subfield>
    <subfield code="c">20070117</subfield>
    <subfield code="g">rcr</subfield>
  </datafield>
  <datafield tag="801" ind1=" " ind2="1">
    <subfield code="a">RU</subfield>
    <subfield code="b">&#x420;&#x413;&#x411;</subfield>
    <subfield code="c">20070117</subfield>
  </datafield>
  <datafield tag="801" ind1=" " ind2="2">
    <subfield code="a">RU</subfield>
    <subfield code="b">NLR</subfield>
    <subfield code="c">20071113</subfield>
    <subfield code="g">rcr</subfield>
  </datafield>
  <datafield tag="942" ind1=" " ind2=" ">
    <subfield code="c">BOOK</subfield>
  </datafield>
  <datafield tag="980" ind1=" " ind2=" ">
    <subfield code="a">NB</subfield>
  </datafield>
  <datafield tag="995" ind1=" " ind2=" ">
    <subfield code="5">2007-11-13</subfield>
    <subfield code="a">a9</subfield>
    <subfield code="b">NLR01</subfield>
    <subfield code="c">NLR01</subfield>
    <subfield code="e">RF9</subfield>
    <subfield code="f">2547183</subfield>
    <subfield code="k">2007-8/3396</subfield>
    <subfield code="o">0</subfield>
    <subfield code="r">BOOK</subfield>
    <subfield code="s">200783396_</subfield>
  </datafield>
</record>
